Useimmin mainitut hahmot Nälkäpeli-kirjoissa - Statistics

Yleistilastot
  • Tätä visaa on pelattu 27 kertaa
  • Keskiarvotulos 16 / 62
Vastaustilastot
Maininnat Hahmo % Oikein
1664 Peeta Mellark
100%
319 Katniss Everdeen
95%
715 Haymitch Abernathy
82%
293 Primrose Everdeen
77%
195 Effie Trinket
73%
465 Finnick Odair
73%
239 Coriolanus Snow
68%
649 Gale Hawthorne
68%
235 Beetee Latier
64%
160 Johanna Mason
64%
209 Rue
59%
117 Alma Coin
55%
49 Annie Cresta
55%
239 Cinna
55%
138 Cato
50%
207 Plutarch Heavensbee
50%
36 Clove
41%
32 Ketunnaama
41%
63 Mags
41%
28 Glimmer
36%
119 Caesar Flickerman
32%
65 Wiress
32%
46 Buttercup
27%
93 Mr. Everdeen
27%
133 Boggs
23%
257 Mrs. Everdeen
23%
43 Madge Undersee
18%
32 Tiikeri (Tigris)
18%
38 Enobaria
14%
33 Brutus
9%
94 Cressida
9%
39 Jackson
9%
17 Maysilee Donner
9%
55 Pollux
9%
67 Thresh
9%
35 Bonnie
5%
19 Castor
5%
39 Fulvia Cardew
5%
34 Hazelle Hawthorne
5%
17 Homes
5%
20 Leeg 1
5%
22 Messalla
5%
15 Mitchell
5%
45 Octavia
5%
49 Portia
5%
11 Posy Hawthorne
5%
32 Rasva-Sae
5%
12 Seneca Crane
5%
35 Venia
5%
10 Cashmere
0%
21 Chaff
0%
14 Claudius Templesmith
0%
14 Cray
0%
30 Darius
0%
41 Delly Cartwright
0%
24 Flavius
0%
11 Gloss
0%
11 Lyme
0%
17 Paylor
0%
24 Romulus Thread
0%
11 Seeder
0%
38 Twill
0%
Ehtoja vastaavia visoja ei löytynyt
Tulosjakauma
Jokaisen tuloksen saaneiden osuus
Persentiili vastausten määrän mukaan
Tuloshistoriasi
Et ole pelannut tätä visaa